000 01495nam a2200313 a 4500
001 BRCA_4984
005 20190320204904.0
008 281010s1791----mx-######v---#000-0#spa-#
041 _aspa
044 _amx
084 _aDOC81
_b.B67
_c1791
100 1 _aBorda, Manuel de la
_912693
245 1 0 _aDocumento firmado por Manuel de la Borda
_cManuel de la Borda, Don Mariano Antonio Colocia.
260 _aMéxico
_c1791
300 _a[1] foja
_c31 x 21 cm
500 _aDocumento firmado el 26 de agosto de 1791
500 _aEscritura de compra y venta que presenta Don Manuel de la Borda a su favor de la Hacienda de Labor de Santa María Nonoalco, Casas, Capilla, Trojes, Jardín, Huerta, Tierras y Merced de aguas, situado en Coyoacán por venta que le hizo Don Mariano Antonio Colocia el 1ª de junio de 1785
500 _aAl margen sellos con escudo español y leyenda: SELLO TERCERO UN REAL AÑOS DE MIL SETECIENTOS ECHENTA Y SEIS Y OCHENTA SIETE
500 _aEl documento tiene la leyenda DOC. #241
500 _aPapel con marca de agua
500 _aEstado de conservación: Contiene en los márgenes roturas
506 0 _aFondo reservado: para su consulta es necesario credencial de usuario y carta de motivos
546 _aTexto en: español de finales del siglo XVIII
600 1 4 _aBorda, Manuel de la
_912693
651 4 _aMéxico
_vManuscrito
_xHistoria
_yColonia, 1521-1821
_912694
700 1 _aColocia, Mariano Antonio
_912695
902 _aFDH
942 _2lcc
_cD
999 _c4678
_d4678